00822nam a2200265 a 4500003000900000005001700009008004100026020001800067040001300085245002600098260003600124300001000160500015500170650002500325650001100350650001500361655001500376700002800391700001900419700002600438700002500464700002200489700002100511700002400532AR-BaBNM20251128204701.0082120s2002 ||||||||||||||000 | spa|| a950-843-064-8 cAR-BaBNM00aAntología poética aBuenos AiresbVinciguerrac1994 a60 p. aContiene selección de poemas de las obras que obtuvieron Mención de Honor en el Primer Certamen Nacional de Poesía Papiros del Siglo Veinte 1993 4aLITERATURA ARGENTINA 4aPOESIA 4aANTOLOGIAS aLITERATURA1 aMastroberardino, Daniel1 aSoler, Gustavo1 aBianchi, Laura Susana1 aPunzi, Orlando Mario1 aPeñalva, Susana1 aCarmona, Lucía1 aAnderson, Alejandro